The commercial case for applying CDM (Record no. 106463)
[ view plain ]
| 000 -LEADER | |
|---|---|
| fixed length control field | 01458cam a2200253 4500 |
| 001 - CONTROL NUMBER | |
| control field | ##L136657 |
| 008 - FIXED-LENGTH DATA ELEMENTS--GENERAL INFORMATION | |
| fixed length control field | 070213n2006 000 0 eng u |
| 035 ## - SYSTEM CONTROL NUMBER | |
| System control number | (Sirsi) u136657 |
| 041 0# - LANGUAGE CODE | |
| Language code of text/sound track or separate title | eng |
| 050 04 - LIBRARY OF CONGRESS CALL NUMBER | |
| Classification number | 690.22 $2 18 |
| 100 1# - MAIN ENTRY--PERSONAL NAME | |
| Personal name | Bennett, Liz |
| 245 04 - TITLE STATEMENT | |
| Title | The commercial case for applying CDM |
| Remainder of title | case studies |
| Medium | [electronic resource] |
| 260 ## - PUBLICATION, DISTRIBUTION, ETC. | |
| Place of publication, distribution, etc. | Sudbury |
| Name of publisher, distributor, etc. | HSE |
| Date of publication, distribution, etc. | 2006 |
| 490 #0 - SERIES STATEMENT | |
| Series statement | HSE Research Report |
| Volume/sequential designation | 467 |
| 520 ## - SUMMARY, ETC. | |
| Summary, etc. | Provides examples of the business benefits relating to early design decisions that are linked to the Construction (Design and Management) Regulations 1994. In particular, these examples highlight the connection between commercial benefits and health and safety. The case studies are divided into the following categories: macro decisions relating to site location and set up; site investigation focus; foundations; programme certainty; off site construction; access planning; and maintenance. |
| 590 ## - LOCAL NOTE (RLIN) | |
| Local note | KA |
| 650 24 - SUBJECT ADDED ENTRY--TOPICAL TERM | |
| Topical term or geographic name entry element | CONSTRUCTION (DESIGN AND MANAGEMENT) REGULATIONS 1994 |
| 651 #4 - SUBJECT ADDED ENTRY--GEOGRAPHIC NAME | |
| Geographic name | GREAT BRITAIN |
| 690 ## - LOCAL SUBJECT ADDED ENTRY--TOPICAL TERM (OCLC, RLIN) | |
| Topical term or geographic name as entry element | BUILT ENVIRONMENT-CONSTRUCTION MANAGEMENT-CONSTRUCTION DESIGN AND MANAGEMENT |
| 700 1# - ADDED ENTRY--PERSONAL NAME | |
| Personal name | Gilbertson, Alan |
| 710 1# - ADDED ENTRY--CORPORATE NAME | |
| Corporate name or jurisdiction name as entry element | Great Britain |
| Subordinate unit | Health and Safety Executive |
| 856 40 - ELECTRONIC LOCATION AND ACCESS | |
| Uniform Resource Identifier | <a href="https://www.hsebooks.com/Books/product/product.asp?catalog_name=HSEBooks&category_name=Home%3A%3AHSE+Research%3A%3A&product_id=4776&cookie%5Ftest=1">https://www.hsebooks.com/Books/product/product.asp?catalog_name=HSEBooks&category_name=Home%3A%3AHSE+Research%3A%3A&product_id=4776&cookie%5Ftest=1</a> |
| Public note | View the report free of charge at www.hsebooks.com... |
| 942 ## - ADDED ENTRY ELEMENTS (KOHA) | |
| Suppress in OPAC | 0 |
| Withdrawn status | Lost status | Source of classification or shelving scheme | Damaged status | Not for loan | Home library | Current library | Shelving location | Date acquired | Total Checkouts | Full call number | Barcode | Date last seen | Copy number | Price effective from | Koha item type |
|---|---|---|---|---|---|---|---|---|---|---|---|---|---|---|---|
| Dewey Decimal Classification | Virtual | Virtual | Online | 13/02/2007 | ONLINE PUBLICATION | 136657-2001 | 06/08/2019 | 1 | 06/08/2019 | Book |